000 00723 a2200193 4500
001 130616
020 _a85-02-01651-2
040 _cLeonardo Da Vinci
041 _aPortuguês
082 _a346.02 D612t
_bD612t
100 _aDINIZ, Maria Helena
245 _aTratado Teórico e Prático dos Contratos
250 _a3.ed. v.2
260 _bSaraiva
_c1999
_aSão Paulo
300 _a596
362 _a19990000
697 _aDireito Civil
_aContrato
_aContrato agrário
_aObrigação contratual
_aPrincípios do direito contratual
_aTécnica contratual
_aCompra
_aVenda
_aTroca
_aPermuta
_aDoação
_aLocação
_aLeasing
_aEmpréstimo
_aMandato
_aArrendamento
_aCompra internacional
_aVenda internacional
_aBrasil
_aFIPEN
942 _cBK
999 _c130616
_d130616